000 00851nam a22002417a 4500
001 56409
003 UA-OsUOA
005 20230504161255.0
007 ta
008 20081024b un ||||| |||| 00| 0 ukr d
020 _a978-966-8770-74-6
040 _aUA-OsUOA
_bukr
_cUA-OsUOA
_dUA-OsUOA
041 _aukr
080 _a908(477.81):728.71
090 _a908(477.81):728.71
_bІ-58
245 _aІнвентарі Олицького замку XVII–XVIII століть
_cзібрав і підготував до друку Володимир Александрович
_bзбірник документів
260 _aЛуцьк
_bТвердиня
_c2007
300 _a276 с.
650 7 _a908 Краєзнавство
_2UDC
942 _cBK
_2udc
955 _a2
999 _c342495
_d342495